Retrouve les chansons de Jérémy Frérot - Statistiques

Statistiques générales
  • Ce quiz a été pris 23 fois
  • Le résultat moyen est 10 sur 20
Answers on the Grid
Answers color-coded by a green-red scale on the quiz's grid according to % correct below.
Gamin des sables
Adieu
Egérie
Un homme
Revoir
La recette
L'homme nouveau
Le goût du risque
J'ai la mer
Place des grands hommes
Gaffe aux autres
Mon rêve
ça déborde
Tostaky
Et bam
Meilleure vie
Le regain
Libertine
Avec ou sans
Je suis un homme
Tout l'or du monde
Tu donnes
Fais-le
Ouvre cette poupée
Sous le vent
A la vie qu'on mène
Mon refuge
Ta marinière
J'attends l'amour
Tant que resteront les fleurs
 
Statistiques - réponses
Réponse % Correct
Un homme
89%
Adieu
84%
Gamin des sables
84%
A la vie qu'on mène
58%
Revoir
58%
Avec ou sans
53%
J'ai la mer
53%
L'homme nouveau
53%
Tu donnes
53%
Mon refuge
47%
ça déborde
42%
Fais-le
42%
Le goût du risque
37%
Meilleure vie
37%
Tout l'or du monde
37%
Gaffe aux autres
32%
Mon rêve
32%
Le regain
26%
Ouvre cette poupée
26%
Tant que resteront les fleurs
26%
Aucun quiz correspondant
Distribution des résultats
% des personnes avec chaque résultat
Percentile par nombre de réponses
Votre historique - résultats
Vous n’avez pas pris ce quiz